000 01512nas a2200397 i 4500
001 790
003 ES-MaACL
005 20250409103343.0
007 t|
008 950801c1975 sp f|yp o| 1 ||pa d
080 _a(460)
080 _a80
080 _a82
245 0 0 _aCuadernos de investigación filológica /
_cdir. José María García-Ruíz.
246 1 3 _aCuadernos de investigación. Filología
260 _aLogroño :
_bColegio Universitario de Logroño,
_c1975-
300 _a4 v. ;
_c24 cm.
310 _aSemestral
362 0 _aT. 1 (1975), t. 2, fasc. 2 (dic. 1976)-
515 _aNo se publicó en 1986.
530 _aDisponible en Internet desde 2000.
546 _aTextos en varias lenguas.
547 _aEl n. 1 aparece con el tít.: Cuadernos de investigación. Filología.
555 _aÍndices: 1975-1980, 1 cuaderno; 1981-1987, 1 cuaderno.
650 1 4 _aLingüística. Filología.
_914477
655 7 _2tgfbne
_9226866
_aRevistas
700 1 _aGarcía-Ruíz, José María,
_9227519
700 1 _aGarcía Turza, Claudio.
_955348
700 1 _aMartínez Latre, Mª Pilar,
_9227520
710 2 _aColegio Universitario de Logroño.
_92992
852 _aES-MaACL
_jHEM-H-383
_dOlim: Hem-1582
_9813
_cHEM
_zExpurgada marzo 2025: posterior 1958; sin encuadernar; en acceso abierto; muy incompleta
856 _uhttps://dialnet.unirioja.es/servlet/revista?codigo=371
_ySumarios de la revista en Dialnet
866 0 _o1975-90.
942 _2udc
999 _c790
_d790